Statistics for Taylor Swift - The Other Side of the Door Lyrics

Click here to take the quiz!

General Stats

  • This quiz has been taken 47 times
  • The average score is 315 of 373

Answer Stats

Answer% Correct
a
100%
do
100%
door
100%
I
100%
of
100%
other
100%
side
100%
the
100%
and
96%
And
96%
"I'm
96%
i'm
96%
"i'm
96%
is
96%
on
96%
there
96%
When
96%
all
92%
All
92%
don't
92%
for
92%
In
92%
in
92%
know
92%
love
92%
that
92%
to
92%
want
92%
you
92%
you"
92%
You
92%
your
92%
but
88%
But
88%
'Cause
88%
'cause
88%
Me
88%
me
88%
my
88%
need
88%
this
88%
"This
88%
With
88%
with
88%
back
84%
can
84%
it"
84%
it
84%
leave
84%
"Leave"
84%
little
84%
said
84%
so
84%
window
84%
at
80%
can't
80%
comin'
80%
if
80%
it's
80%
more
80%
not
80%
out
80%
outside
80%
pebbles
80%
pourin'
80%
rain
80%
really
80%
say
80%
scream
80%
screamin'
80%
Screamin'
80%
stand
80%
up
80%
Wait
80%
yeah
80%
after
76%
After
76%
black
76%
dress
76%
everything
76%
here
76%
i'll
76%
look
76%
throwin'
76%
wanted
76%
was
76%
what
76%
why
76%
eyes
72%
had
72%
make
72%
night
72%
she
72%
"There's
72%
things
72%
time
72%
times
72%
we
72%
beautiful
68%
car
68%
chase
68%
couldn't
68%
down
68%
even
68%
face
68%
from
68%
hundred
68%
i've
68%
knew
68%
lies
68%
mad
68%
nothing
68%
over
68%
stay
68%
Tell
68%
tell
68%
were
68%
white
68%
alone
64%
are
64%
away
64%
baby
64%
called
64%
carried
64%
closer
64%
confess
64%
conversation
64%
enough"
64%
fight
64%
heat
64%
mess
64%
might
64%
misread
64%
must
64%
picking
64%
picture
64%
pride
64%
remember
64%
stairs
64%
stupid
64%
walked
64%
crying
60%
goin'
60%
Goin'
60%
keep
60%
left
60%
mean
60%
Oh
60%
sayin'
60%
see
60%
through
60%
words
60%
worth
60%
again
56%
babe
56%
broke
56%
faded
56%
phone
56%
right
56%
sittin'
56%
slamming
56%
starin'
56%
Tryna
56%
both
52%
Ignorin'
52%
photographs
52%

Score Distribution

Percentile by Number Answered

Percent of People with Each Score

Your Score History

You have not taken this quiz